কাব্যালংকারসূত্রবৃত্তিঃ : (Record no. 244595)
[ view plain ]
| 000 -LEADER | |
|---|---|
| fixed length control field | 01265nam a22002537a 4500 |
| 003 - CONTROL NUMBER IDENTIFIER | |
| control field | BD-DhUL |
| 005 - DATE AND TIME OF LATEST TRANSACTION | |
| control field | 20221220151227.0 |
| 008 - FIXED-LENGTH DATA ELEMENTS--GENERAL INFORMATION | |
| fixed length control field | 181114s2003 ii a|||| |||| 00| 0 ben |
| 020 ## - INTERNATIONAL STANDARD BOOK NUMBER | |
| International Standard Book Number | 9789381795408 (pbk) |
| 040 ## - CATALOGING SOURCE | |
| Original cataloging agency | BD-DhUL |
| Transcribing agency | BD-DhUL |
| 082 ## - DEWEY DECIMAL CLASSIFICATION NUMBER | |
| Classification number | 891.21 |
| Item number | ACK |
| 100 1# - MAIN ENTRY--PERSONAL NAME | |
| Personal name | আচার্যবামন |
| 245 10 - TITLE STATEMENT | |
| Title | কাব্যালংকারসূত্রবৃত্তিঃ : |
| Remainder of title | প্রথম ও তৃতীয় অধিকরণ সম্পূর্ণ / |
| Statement of responsibility, etc. | আচার্যবামন ; সম্পাদনায় অনিল চন্দ্র বসু । |
| 250 ## - EDITION STATEMENT | |
| Edition statement | ২য় সংস্ক. |
| 260 ## - PUBLICATION, DISTRIBUTION, ETC. (IMPRINT) | |
| Place of publication, distribution, etc. | কলকাতা : |
| Name of publisher, distributor, etc. | সংস্কৃত বুক ডিপো, |
| Date of publication, distribution, etc. | ২০০৩ (২০২১) । |
| 300 ## - PHYSICAL DESCRIPTION | |
| Extent | [২০], ২২৪ পৃ. : |
| Other physical details | চিত্র ; |
| Dimensions | ২১ সেমি. |
| 365 ## - TRADE PRICE | |
| Price type code | IRS |
| Price amount | 175.00 |
| 365 ## - TRADE PRICE | |
| Price type code | IRS |
| Price amount | 225.00 |
| 500 ## - GENERAL NOTE | |
| General note | "সুত্র, বৃত্তি, কামধেনুটীকা/সুত্র...............হরফে মূল ও বৃত্তি সহ।" |
| 650 #0 - SUBJECT ADDED ENTRY--TOPICAL TERM | |
| Topical term or geographic name as entry element | সংস্কৃত কাব্য । |
| 650 #0 - SUBJECT ADDED ENTRY--TOPICAL TERM | |
| Topical term or geographic name as entry element | Sanskrit poetry. |
| 700 1# - ADDED ENTRY--PERSONAL NAME | |
| Personal name | বসু, অনিল চন্দ্র |
| Relator term | সম্পা. |
| 942 ## - ADDED ENTRY ELEMENTS (KOHA) | |
| Source of classification or shelving scheme | |
| Koha item type | Books |
| Price effective from | Date last seen | Permanent Location | Not for loan | Date acquired | Source of classification or shelving scheme | Koha item type | Lost status | Withdrawn status | Copy number | Source of acquisition | Collection code | Damaged status | Shelving location | Barcode | Current Location | Public note | Full call number |
|---|---|---|---|---|---|---|---|---|---|---|---|---|---|---|---|---|---|
| 2018-11-14 | 2018-11-14 | Dhaka University Library | 2018-09-05 | Books | 1 | Purchased | Non Fiction | General Stacks | 507190 | Dhaka University Library | Sanskrit | 891.21 ACK | |||||
| 2018-11-14 | 2018-11-14 | Dhaka University Library | 2018-09-05 | Books | 2 | Purchased | Non Fiction | General Stacks | 507191 | Dhaka University Library | Sanskrit | 891.21 ACK | |||||
| 2021-03-11 | Dhaka University Library | 2019-05-19 | Books | 3 | Purchased | Non Fiction | General Stacks | 517066 | Dhaka University Library | Sanskrit | 891.21 ACK | ||||||
| 2021-03-11 | Dhaka University Library | 2019-05-19 | Books | 4 | Purchased | Non Fiction | General Stacks | 517067 | Dhaka University Library | Sanskrit | 891.21 ACK | ||||||
| 2022-12-19 | 2022-12-19 | Dhaka University Library | 2022-07-21 | Books | 5 | Purchased | Non Fiction | General Stacks | 526532 | Dhaka University Library | Sanskrit | 891.21 ACK | |||||
| 2022-12-20 | 2022-12-20 | Dhaka University Library | 2022-07-21 | Books | 6 | Purchased | Non Fiction | General Stacks | 526533 | Dhaka University Library | tr. to Sanskrit | 891.21 ACK | |||||
| 2022-12-20 | 2022-12-20 | Dhaka University Library | 2022-07-21 | Books | 7 | Purchased | Non Fiction | General Stacks | 526534 | Dhaka University Library | tr. to Sanskrit | 891.21 ACK |
